Le monde habité - 6ème - Statistiques

Statistiques générales
  • Ce quiz a été pris 7 fois
  • Le résultat moyen est 7 sur 10
Statistiques - réponses
Question Réponse % Correct
Comment appelle t-on quelqu'un qui n'a pas de domicile fixe et qui change fréquemment de lieu de résidence ? Être nomade.
100%
Laquelle de ces solutions n'est pas comprise dans les 4 types d'espaces habitables sur Terre ? L'espace.
100%
Quelle est la définition correcte d'un désert humain ? Un espace inhabité ou où la densité de population est extrêmement faible.
100%
Combien sommes nous sur Terre ( mai 2026 ) ? 8 Milliards.
86%
Lequel de ces facteurs ne permet pas d'expliquer le peuplement de la Terre. Facteurs préhistoriques.
71%
Quelle est la définition correcte d'un foyer de peuplement ? Région du monde très peuplée.
71%
Quels éléments de la vie ne rentrent pas en compte dans le choix d'un endroit où habiter ? Se laver.
71%
Quels sont les espaces où la majorité de la population mondiale se regroupe ? Les côtes et les grandes villes.
57%
Lequel de ces foyers de peuplement est le plus peuplé au monde ? L'Asie du Sud.
29%
Dans quel espace aucun humain ne vit-il ? Aucun, l'homme s'est installé partout sur Terre.
14%
Aucun quiz correspondant
Distribution des résultats
% des personnes avec chaque résultat
Percentile par nombre de réponses
Votre historique - résultats
Vous n’avez pas pris ce quiz